00651 2200217 4500001002100000005001500021035002000036007000300056008004100059020002200100082001600122084002200138100003400160245005200194250002000246260006200266300004500328650002600373856001800399990001600417INLIS00000000000035420250710100849 a0010-0725000354ta250710 a 0 ind  a978-623-472-288-8 a398.209 598 a398.209 598 ALL s0 aAll Children Reading Cambodia1 aSuara Apa itu? /cAll Children Reading Cambodia aCetakan pertama aJakarta :bBadan pengembangan dan pembinaan bahasa,c2022 a24 hlm. :bilus. ;c22,9 cme398.209 598 4aCerita Anak Indonesia aTBM As Suhada aTBM02440244